|
|
|
|
| LEADER |
00000nas a2200000 4500 |
| 001 |
ssj0003675 |
| 003 |
WaSeSS |
| 005 |
20200512172242.0 |
| 006 |
m d |
| 007 |
cr n |
| 008 |
740606d19581995pauqr p s 0 a0eng |
| 010 |
|
|
|a 66097803
|
| 016 |
7 |
|
|a 2070252-8
|2 DE-600
|
| 022 |
|
|
|l 0022-5517
|y 0022-5517
|
| 032 |
|
|
|a 893380
|b USPS
|
| 035 |
|
|
|a (WaSeSS)ssj0003675
|
| 040 |
|
|
|a DLC
|b eng
|c DLC
|d NSD
|d OCL
|d AIP
|d NST
|d NSD
|d OCL
|d NST
|d TJC
|d NSD
|d IXA
|d DLC
|d IUL
|d OCLCQ
|d LVB
|d OCLCQ
|d OCLCO
|d OCLCF
|d IUL
|d XFH
|d GILDS
|d OCLCQ
|d IUL
|d OCLCO
|d CPO
|d OCLCO
|d CBA
|d OCLCO
|d ZAS
|d OCLCO
|d WaSeSS
|
| 042 |
|
|
|a pcc
|a nsdp
|
| 043 |
|
|
|a n-us---
|
| 050 |
0 |
0 |
|a PN4788
|b .J63
|
| 210 |
0 |
|
|a Journal. educ.
|
| 222 |
|
4 |
|a The Journalism educator
|
| 245 |
0 |
4 |
|a The journalism educator
|h [electronic resource].
|
| 260 |
|
|
|a [Pittsburgh],
|b [American Society of Journalism School Administrators]
|
| 310 |
|
|
|a Quarterly
|
| 362 |
1 |
|
|a Began with v. 13, no. 1 (Jan. 1958).
|
| 362 |
0 |
|
|a -v. 49, no. 4; -winter 1995.
|
| 506 |
|
|
|a License restrictions may limit access.
|
| 650 |
|
0 |
|a Journalism
|x Study and teaching
|z United States
|v Periodicals.
|
| 650 |
|
6 |
|a Journalisme
|x Étude et enseignement
|z États-Unis
|v Périodiques.
|
| 650 |
|
7 |
|a Journalism
|x Study and teaching.
|2 fast
|0 (OCoLC)fst00984093
|
| 651 |
|
7 |
|a United States.
|2 fast
|0 (OCoLC)fst01204155
|
| 655 |
|
0 |
|a Electronic journals.
|
| 710 |
2 |
|
|a American Society of Journalism School Administrators.
|
| 780 |
0 |
0 |
|t Bulletin (American Society of Journalism School Administrators)
|w (OCoLC)33670457
|
| 785 |
0 |
0 |
|t Journalism & mass communication educator
|x 1077-6958
|w (DLC) 95658573
|w (OCoLC)30857992
|
| 850 |
|
|
|a AzU
|a CLSU
|a DLC
|a IaAS
|a InU
|a KMK
|a MsU
|a NN
|a PPiU
|a TxU
|
| 856 |
4 |
0 |
|z Full text available from Research Library: 01/01/1994 to Winter 1995
|u https://search.proquest.com/publication/34564
|